Landlocked Countries in Asia - Sudden Death - Statistics

General Stats
  • This quiz has been taken 89 times
  • The average score is 7 of 12
Answers on the Grid
Answers color-coded by a green-red scale on the quiz's grid according to % correct below.
Afghanistan
Armenia
Azerbaijan
Bahrain
Bangladesh
Bhutan
Brunei
Cambodia
China
Cyprus
East Timor
Georgia
India
Indonesia
Iran
Iraq
Israel
Japan
Jordan
Kazakhstan
Kuwait
Kyrgyzstan
Laos
Lebanon
Malaysia
Maldives
Mongolia
Myanmar
Nepal
North korea
Oman
Pakistan
Philippines
Qatar
Saudi Arabia
Singapore
South Korea
Sri Lanka
Syria
Taiwan
Tajikistan
Thailand
Turkey
Turkmenistan
United Arab Emirates
Uzbekistan
Vietnam
Yemen
 
Answer Stats
Answer % Correct
Kazakhstan
66%
Kyrgyzstan
66%
Nepal
66%
Bhutan
64%
Uzbekistan
60%
Mongolia
58%
Tajikistan
57%
Turkmenistan
57%
Afghanistan
51%
Laos
47%
Armenia
45%
Azerbaijan
40%
No matching quizzes found
Score Distribution
Percent of People with Each Score
Percentile by Number Answered
Your Score History
You have not taken this quiz